Humanist Limits in the Material Phenomenology of Religion
This article tracks a shared methodological tension within the work of a few classic phenomenologists, based on an epistemological juxtaposition at the heart of their enquiry. This epistemological tension emerges as secular and non-secular concepts are worked with concurrently. A modified form of th...
| Main Author: | |
|---|---|
| Format: | Electronic Article |
| Language: | English |
| Check availability: | HBZ Gateway |
| Interlibrary Loan: | Interlibrary Loan for the Fachinformationsdienste (Specialized Information Services in Germany) |
| Published: |
[2019]
|
| In: |
Journal for the study of religion
Year: 2019, Volume: 32, Issue: 2, Pages: 1-23 |
| Standardized Subjects / Keyword chains: | B
Chidester, David 1952-
/ Phenomenology of religion
/ Materialism
|
| RelBib Classification: | AA Study of religion AB Philosophy of religion; criticism of religion; atheism |
| Further subjects: | B
Phenomenology
B Epistemology B reducibility B Religion B Science B Humanism B Systems B contact zones B Materialism |
| Online Access: |
Volltext (doi) Volltext (kostenfrei) |
MARC
| LEADER | 00000caa a22000002c 4500 | ||
|---|---|---|---|
| 001 | 1699200211 | ||
| 003 | DE-627 | ||
| 005 | 20200826130825.0 | ||
| 007 | cr uuu---uuuuu | ||
| 008 | 200602s2019 xx |||||o 00| ||eng c | ||
| 024 | 7 | |a 10.17159/2413-3027/2019/v32n2a3 |2 doi | |
| 035 | |a (DE-627)1699200211 | ||
| 035 | |a (DE-599)KXP1699200211 | ||
| 040 | |a DE-627 |b ger |c DE-627 |e rda | ||
| 041 | |a eng | ||
| 084 | |a 0 |2 ssgn | ||
| 100 | 1 | |a Meyer, Gaelin |e VerfasserIn |4 aut | |
| 245 | 1 | 0 | |a Humanist Limits in the Material Phenomenology of Religion |
| 264 | 1 | |c [2019] | |
| 336 | |a Text |b txt |2 rdacontent | ||
| 337 | |a Computermedien |b c |2 rdamedia | ||
| 338 | |a Online-Ressource |b cr |2 rdacarrier | ||
| 520 | |a This article tracks a shared methodological tension within the work of a few classic phenomenologists, based on an epistemological juxtaposition at the heart of their enquiry. This epistemological tension emerges as secular and non-secular concepts are worked with concurrently. A modified form of this tension is present in the materialist phenomenology of religion that David Chidester presents, which links his phenomenology to the earlier classical forms. However, although a methodological tension is maintained in his work, the epistemological juxtaposition that initiated the tension is collapsed along humanist boundaries, with important consequences for the study of religion. | ||
| 601 | |a Humanist | ||
| 601 | |a Religion | ||
| 650 | 4 | |a Religion | |
| 650 | 4 | |a Epistemology | |
| 650 | 4 | |a Materialism | |
| 650 | 4 | |a Phenomenology | |
| 650 | 4 | |a Humanism | |
| 650 | 4 | |a Science | |
| 650 | 4 | |a reducibility | |
| 650 | 4 | |a Systems | |
| 650 | 4 | |a contact zones | |
| 652 | |a AA:AB | ||
| 689 | 0 | 0 | |d p |0 (DE-588)1034051679 |0 (DE-627)743958969 |0 (DE-576)164309365 |2 gnd |a Chidester, David |d 1952- |
| 689 | 0 | 1 | |d s |0 (DE-588)4049414-7 |0 (DE-627)106187112 |0 (DE-576)209081945 |2 gnd |a Religionsphänomenologie |
| 689 | 0 | 2 | |d s |0 (DE-588)4127749-1 |0 (DE-627)105722413 |0 (DE-576)209596228 |2 gnd |a Materialismus |
| 689 | 0 | |5 (DE-627) | |
| 773 | 0 | 8 | |i Enthalten in |t Journal for the study of religion |d [Pretoria] : ASRSA, 1988 |g 32(2019), 2, Seite 1-23 |h Online-Ressource |w (DE-627)618332448 |w (DE-600)2536916-7 |w (DE-576)477530001 |x 2413-3027 |7 nnas |
| 773 | 1 | 8 | |g volume:32 |g year:2019 |g number:2 |g pages:1-23 |
| 856 | 4 | 0 | |u http://ref.scielo.org/ss35vs |x Verlag |z kostenfrei |7 0 |
| 856 | |u https://doi.org/10.17159/2413-3027/2019/v32n2a3 |x doi |3 Volltext | ||
| 951 | |a AR | ||
| ELC | |a 1 | ||
| ITA | |a 1 |t 1 | ||
| LOK | |0 000 xxxxxcx a22 zn 4500 | ||
| LOK | |0 001 3681600775 | ||
| LOK | |0 003 DE-627 | ||
| LOK | |0 004 1699200211 | ||
| LOK | |0 005 20200813101505 | ||
| LOK | |0 008 200602||||||||||||||||ger||||||| | ||
| LOK | |0 040 |a DE-Tue135 |c DE-627 |d DE-Tue135 | ||
| LOK | |0 092 |o n | ||
| LOK | |0 852 |a DE-Tue135 | ||
| LOK | |0 852 1 |9 00 | ||
| LOK | |0 935 |a ixzs |a ixzo | ||
| LOK | |0 936ln |0 1442042966 |a AA | ||
| LOK | |0 936ln |0 1442042990 |a AB | ||
| LOK | |0 939 |a 02-06-20 |b l01 | ||
| OAS | |a 1 | ||
| ORI | |a SA-MARC-ixtheoa001.raw | ||
| REL | |a 1 | ||
| STA | 0 | 0 | |a Materialism,Phenomenology of religion,Religion,Religion,Religions,Religion,Religion in literature |
| STB | 0 | 0 | |a Matérialisme,Phénoménologie des religions,Religion,Religions,Religion |
| STC | 0 | 0 | |a Fenomenología de la religión,Materialismo,Religión,Religión,Religión |
| STD | 0 | 0 | |a Fenomenologia della religione,Materialismo,Religione,Religione,Religione |
| STE | 0 | 0 | |a 唯物主义,唯物论,宗教,宗教,宗教现象学 |
| STF | 0 | 0 | |a 唯物主義,唯物論,宗教,宗教,宗教現象學 |
| STG | 0 | 0 | |a Fenomenologia da religião,Materialismo,Religião,Religião |
| STH | 0 | 0 | |a Материализм,Религия (мотив),Религия,Феноменология религии |
| STI | 0 | 0 | |a Θρησκεία (μοτίβο),Θρησκεία,Υλισμός,Φαινομενολογία της θρησκείας |
| SUB | |a REL | ||
| SYE | 0 | 0 | |a Religion,Mystik,Mythologie |
| SYG | 0 | 0 | |a Chidester, David Shane,1952- , Religion |



